• 首页
  • 本馆介绍
  • 公告通知
  • 最新文献
  • 馆藏检索
  • 电子资源
  • 读者导购
  • 参考咨询
  • 我的图书馆
  • 登录
  • 详细信息显示
  • 放入我的书架
  • 预约/预借图书
  • 作者相关作品
  • 分类相关作品
  • 丛书相关作品
  • 出版社相关作品

书目信息

  • 表格格式
  • 工作单格式
  • 卡片格式
题名:
中国大都市郊区化
    
 
作者: 杨忠伟 范凌云 编著
分册:  
出版信息: 北京   化学工业出版社  2006
页数: 220
开本: 23cm
丛书名:
单 册:
中图分类: F299.23
科图分类:
主题词: 城市经济 , 市政经济
电子资源:
ISBN: 7-5025-8531-1
000 00600nam0 2200193 450
001 0760515518
005 20070817164835.51
010    @a7-5025-8531-1@d¥38.00
100    @a20070817d km y0chiy0120 ea
101 0  @achi
200 1  @a中国大都市郊区化@Azhong guo da du shi jiao qu hua@f杨忠伟 范凌云编著@Fyang zhong wei fan ling yun bian zhu
210    @a北京@c化学工业出版社@d2006
215    @a220@d23cm
606 0  @a城市经济
606 0  @a市政经济
690    @aF299.23@v3
701  0 @a杨忠伟 范凌云@Ayang zhong wei fan ling yun@4编著
801  0 @aCN@bPFT@c20070817
905    @a213230@dF299.23@eg2@f1
    
    中国大都市郊区化/杨忠伟 范凌云编著.-北京:化学工业出版社,2006
    220;23cm
    
    
    ISBN 7-5025-8531-1:¥38.00
    
●
相关链接 在E读中查询图书 在五车中查询图书 在当当中查询图书 在豆瓣中查询图书


正题名:中国大都市郊区化     索取号:F299.23/g2         预约/预借

序号 登录号 条形码 馆藏地/架位号 状态 备注
1 6503035   265030352   密集书库-海洋学院/ [索取号:F299.23/g2] 在馆    
2 6503036   265030361   密集书库-海洋学院/ [索取号:F299.23/g2] 在馆    
唐山师范学院图书馆 欢迎您!
大连网信软件有限公司© 版权所有